Základy chemickej techniky pre 4. ročník stredných priemyselných škôl chemických /

Hlavní autor: Sedlák, Ivan, 1926-
Další autoři: Čermák, František, 1944-, Waltr, Vratislav
Jazyk: Slovenština
Vydáno: Bratislava : Alfa, 1981
Vydání: 1. slovenské vyd.
Edice: Edícia chemickej literatúry (Alfa)
Fyzický popis: 367 s.
Knihy
Uloženo v:
LEADER 01018nam a22002892a 4500
001 001129688
003 CZ BrMZK
005 20110610135645.0
007 ta
008 101124s1981 xo er|||||||||||slo d
040 |a BOA001  |b cze 
041 1 |a slo  |h cze 
100 1 |a Sedlák, Ivan,  |d 1926-  |7 js20070817004  |4 aut 
245 1 0 |a Základy chemickej techniky pre 4. ročník stredných priemyselných škôl chemických /  |c Ivan Sedlák, Vratislav Waltr, František Čermák 
250 |a 1. slovenské vyd. 
260 |a Bratislava :  |b Alfa,  |c 1981 
300 |a 367 s. 
490 1 |a Edícia chemickej literatúry 
500 |a Přeloženo z češtiny 
700 1 |a Čermák, František,  |d 1944-  |7 jn19981002564  |4 aut 
700 1 |a Waltr, Vratislav  |4 aut 
765 0 |t Základy chemické techniky  |9 Slovensky 
830 0 |a Edícia chemickej literatúry (Alfa) 
910 |a BOA001  |b 2-0847.048 
990 |a BK 
991 |b 201011 
996 7 |b 2619392727  |c 2-0847.048  |l MZK  |r Sklad / do 1 hodiny  |n 0  |w 001158771  |u 000010  |a 1  |e BOA001  |j MZK50  |s A